000 00722nam a2200205 a 4500
001 000038701
003 DO-SdBNP
005 20230209085218.0
007 ta
008 130418s2008 dr 000 0 spa d
040 _aDO-SdBNP
_bspa
_cBNPHU
082 4 _222
245 0 0 _aTabla comparativa constitucional y propuestas constitucionales novedosas /
_ccompilador Herbert Carvajal Oviedo.
260 _aSanto Domingo :
_bLibrería Jurídica,
_c2008.
300 _a234 p. ;
_c24 cm.
505 _tTabla de concordancia --
_tConstitución --
_tProyecto de reforma constitucional --
_tpropuesta consticionales novedosas --
590 _aInventariado, 2023/BT
700 1 _aCarvajal Oviedo, Herbert
_914576
942 _2ddc
_cLBS1
999 _c38191
_d38191